000 00352nam a2200145 i 4500
001 bg
100 1 _aKUCZYŃSKI, A.
245 0 _aZarys budownictwa ogólnego /
_cA. Kuczyński, W. Lenkiewicz.
260 _aWarszawa,
_c1984.
700 1 _aLENKIEWICZ, W.
040 _cBPK
041 _apol
942 _cKS
008 s pl f |000 0 pol
999 _c4749
_d4749
856 _uhttp://koha.tu.koszalin.pl/cgi-bin/koha/opac-detail.pl?biblionumber=4749
_yKatalog online BPK